banner-ar

مربع الارهاب : (Record no. 8528)

MARC details
000 -الفاتح
حقل البيانات ثابتة الطول 00792nam a2200217Ia 4500
008 - عناصر البيانات ثابتة الطول - معلومات عامة
حقل البيانات ثابتة الطول 140319s9999 xx 000 0 ara d
040 ## - مصدر الفهرسة
وكالة الفهرسة الأصلية GCL /
وكالة النسخ GCL
082 04 - رقم تصنيف ديوى العشرى
رقم التصنيف 364.15
رقم المادة ع م
100 1# - المدخل الرئيسى - إسم شخصى
الإسم الشخصى عامر مخيف العمر
245 10 - بيان العنوان
العنوان مربع الارهاب :
بقية العنوان الاجهزة الامنية فى العراق خلال الفترة من 1986-2002 /
بيان المسئوليه,etc عامر مخيف العمر
300 ## - الوصف المادى
التعداد 429 ص ؛
أبعاد الوعاء 24 سم
650 04 - المدخل الاضافى بالموضوع-مصطلح موضوعى
مصطلح موضوعي الارهاب
650 04 - المدخل الاضافى بالموضوع-مصطلح موضوعى
مصطلح موضوعي التحقيق الجنائى
650 04 - المدخل الاضافى بالموضوع-مصطلح موضوعى
مصطلح موضوعي المذابح
650 04 - المدخل الاضافى بالموضوع-مصطلح موضوعى
مصطلح موضوعي جرائم ضد الانسانية
650 04 - المدخل الاضافى بالموضوع-مصطلح موضوعى
مصطلح موضوعي العراق - الاحوال السياسية
650 04 - المدخل الاضافى بالموضوع-مصطلح موضوعى
مصطلح موضوعي جرائم التعذيب
942 ## - عناصر المدخل الإضافي( كوها)
مصدر التصنيف او مخطط الترفيف Dewey Decimal Classification
Koha [default] item type كتاب
260 ## - PUBLICATION, DISTRIBUTION, ETC. (IMPRINT)
-- الاردن :
-- دار الحامد للنشر والتوزيع
Holdings
حالة التراجع حالة الفقد حالة تلف ليس للاعارة المكان المؤقت الموقع الحالى تاريخ الاكتساب اجمالي اﻻعارات رقم الطلب الباركود تاريخ اخر مشاهدة تاريخ تفعيل السعر نوع وعاء كوها
        مكتبة القاهرة الكبرى مكتبة القاهرة الكبرى 03/26/2014   364.15\ع م 17809 03/26/2014 03/26/2014 كتاب
        مكتبة القاهرة الكبرى مكتبة القاهرة الكبرى 03/26/2014   364.15\ع م 17810 03/26/2014 03/26/2014 كتاب

Powered By

EGPV